Jesus and the Nonviolent Revolution (Record no. 6358)

MARC details
000 -LEADER
fixed length control field 00635nam a2200241 a 4500
020 ## - INTERNATIONAL STANDARD BOOK NUMBER
ISBN 0836190
082 00 - DEWEY DECIMAL CLASSIFICATION NUMBER
Classification number 232.954
Author Cutter TRO
100 ## - MAIN ENTRY--AUTHOR NAME
Author name Trocme, Andre
245 ## - TITLE STATEMENT
Title Jesus and the Nonviolent Revolution
260 ## - PUBLICATION, DISTRIBUTION, ETC. (IMPRINT)
Place of publication Ontario
Name of publisher Herald Press
Year of publication 1973
300 ## - PHYSICAL DESCRIPTION
Number of Pages 211p
500 ## - GENERAL NOTE
General note includes index and biblioraphy
505 2# - FORMATTED CONTENTS NOTE
Formatted contents note Appendices, Index
650 ## - SUBJECT ADDED ENTRY--TOPICAL TERM
Topical Term Jesus Christ-Person and Offices
650 ## - SUBJECT ADDED ENTRY--TOPICAL TERM
Topical Term Non-Violence-Biblical Teaching
942 ## - ADDED ENTRY ELEMENTS (KOHA)
Koha item type Books
Holdings
Collection code Home library Current library Date acquired Cost, normal purchase price Full call number Accession Number Koha item type
  Henry Martyn Institute Library Henry Martyn Institute Library 06/19/2007 367.50 232.954 TRO 014866 Books
                   Copyright © 2026 | Henry Martyn Institute | Hyderabad | TS-500052 | INDIA | Implemented by hmi.edu.in
Hit-Count:

Powered by Koha